हिमालय की गोद में / (Record no. 114985)

MARC details
000 -LEADER
fixed length control field 01128nam a22002777a 4500
003 - CONTROL NUMBER IDENTIFIER
control field dpl
005 - DATE AND TIME OF LATEST TRANSACTION
control field 20181205134939.0
008 - FIXED-LENGTH DATA ELEMENTS--GENERAL INFORMATION
fixed length control field 181205b ||||| |||| 00| 0 eng d
010 ## - LIBRARY OF CONGRESS CONTROL NUMBER
LC control number A-919981
020 ## - INTERNATIONAL STANDARD BOOK NUMBER
Terms of availability 100.00
International Standard Book Number 8186624112
035 ## - SYSTEM CONTROL NUMBER
System control number A-919981, A-920005
037 ## - SOURCE OF ACQUISITION
Source of stock number/acquisition Cen Lib/Ret
040 ## - CATALOGING SOURCE
Original cataloging agency DPL
Language of cataloging HN
Transcribing agency 0
082 ## - DEWEY DECIMAL CLASSIFICATION NUMBER
Classification number
Item number जौहरी
100 ## - MAIN ENTRY--PERSONAL NAME
Personal name जौहरी, प्रतिभा
9 (RLIN) 59336
245 ## - TITLE STATEMENT
Title हिमालय की गोद में /
Statement of responsibility, etc प्रतिभा जौहरी
246 ## - VARYING FORM OF TITLE
Title proper/short title Himalaya ki god mein /
Remainder of title by Pratibha Jauhari
260 ## - PUBLICATION, DISTRIBUTION, ETC. (IMPRINT)
Place of publication, distribution, etc दिल्ली
Name of publisher, distributor, etc पूर्वांचल प्रकाशन
Date of publication, distribution, etc 1998
270 ## - ADDRESS
City दिल्ली
Address 1180, ए ब्लाक, सोनिया विहार
Postal code 110094
300 ## - PHYSICAL DESCRIPTION
Extent 167पृ.
Dimensions 21मी(सजिल्द)
650 ## - SUBJECT ADDED ENTRY--TOPICAL TERM
Topical term or geographic name as entry element हिन्दी साहित्य
9 (RLIN) 59337
650 ## - SUBJECT ADDED ENTRY--TOPICAL TERM
Topical term or geographic name as entry element हिन्दी साहित्य -- उपन्यास
9 (RLIN) 46379
650 ## - SUBJECT ADDED ENTRY--TOPICAL TERM
Topical term or geographic name as entry element Hindi literature
9 (RLIN) 59338
650 ## - SUBJECT ADDED ENTRY--TOPICAL TERM
Topical term or geographic name as entry element Hindi literature -- Fiction
9 (RLIN) 59339
942 ## - ADDED ENTRY ELEMENTS (KOHA)
Source of classification or shelving scheme Dewey Decimal Classification
Koha item type Hindi Books
Classification part
Call number suffix जौहरी
Holdings
Withdrawn status Lost status Damaged status Not for loan Home library Current library Date acquired Source of acquisition Cost, normal purchase price Total Checkouts Full call number Barcode Date last seen Copy number Cost, replacement price Price effective from Koha item type Public note Source of classification or shelving scheme Collection code
Written off       Central Library Central Library 19/08/2015 Cen Lib/Ret 100.00   उ जौहरी A-919981 19/08/2015 1 100.00 19/08/2015 Hindi Books Written off on approval by DLB (By Circulation); dtd 15-06-2023    
        Shahdara Branch Shahdara Branch 05/12/2018 BPPD/PUB 150.00   उ जौहरी A-920005 05/12/2018   150.00 05/12/2018 Hindi Books   Dewey Decimal Classification Fiction
        Yojana Vihar Yojana Vihar 10/10/2019 BPPD/PUB 150.00   उ जौहरी A-920006 10/10/2019   150.00 10/10/2019 Hindi Books   Dewey Decimal Classification Fiction

© Delhi Public Library
Hit Counter
free hit counter